00198 a2200109 4500001000700000020000600007040001100013100002200024240001900046245001400065362000900079174066 a  cMagnum aHoffmann, Jussara10aAvaliacaolpor10aAvaliacao0 a1899